000 00659cam a2200229 4500500
005 20260405002344.0
041 _afre
042 _adc
100 1 0 _ade Oliveira, Victorine
_eauthor
245 0 0 _aSept conceptions de l’estime de soi
260 _c2017.
500 _a49
690 _aAmour-propre
690 _aDescartes
690 _aÉgoïsme
690 _aEstime de soi
690 _aNietzsche
690 _aOrgueil
690 _aRousseau
786 0 _nPhilosophie magazine | 106 | 2 | 2017-02-01 | p. 35-35 | 1951-1787
856 4 1 _uhttps://shs.cairn.info/magazine-philosophie-magazine-2017-2-page-35?lang=fr&redirect-ssocas=7080
999 _c2056942
_d2056942